| 000 | 01033nam a2200241 a 4500 | ||
|---|---|---|---|
| 005 | 20240420064123.0 | ||
| 008 | 010716s1998 es r 000 0 spa d | ||
| 020 | _a8478693068 | ||
| 035 | _aUPN01000109712 | ||
| 049 | _aCE | ||
| 050 | 4 |
_aBF431 _bY8.47 |
|
| 100 | 1 |
_aYuste Hernanz, Carlos _929510 |
|
| 245 | 1 | 0 |
_aINVE-S : _bmanual técnico / _cCarlos Yuste Hernanz, Rosario Martínez Arias, José Luis Galve Manzano. |
| 260 |
_aMadrid : _bCEPE, _c1998. |
||
| 300 | _a104 p. : | ||
| 440 | 0 |
_aInstrumentos de evaluación ; _v12 |
|
| 500 | _a"Se dirige a: 1º y 2º de bachillerato, universidad, ciclos formativos de grado superior, selección profesional, niveles auxiliares" | ||
| 505 | 8 | _aIncluye: 1. CD-ROM, pruebas de inteligencia verbal (35p.) hoja de respuestas, hoja de lectura, hoja colectiva de datos, 2. plantillas de corrección, perfil individual | |
| 650 | 4 |
_aPruebas de aptitud _91418 |
|
| 700 | 1 |
_aMartínez Arias, Rosario, _ecoaut. _929675 |
|
| 700 | 1 |
_aGalve Manzano, José Luis, _ecoaut. _928876 |
|
| 905 | _aLibro | ||
| 999 |
_c83622 _d83622 |
||